Statistics for Saudi Arabia Immigration by Country

Click here to take the quiz!

General Stats

  • This quiz has been taken 699 times
  • The average score is 11 of 16

Answer Stats

# PeopleCountry of Origin% Correct
2,266,216India
94%
1,343,737Pakistan
91%
871,621Egypt
89%
697,296Yemen
88%
745,580Syria
87%
1,157,072Bangladesh
83%
217,904Jordan
75%
1,548,032Indonesia
72%
435,810Sudan
66%
435,912Afghanistan
65%
139,459Lebanon
65%
583,985Philippines
62%
479,391Sri Lanka
54%
455,905Nepal
52%
148,753Ethiopia
48%
242,510Myanmar
37%

Score Distribution

Percentile by Number Answered

Percent of People with Each Score

Your Score History

You have not taken this quiz